| 000 | 00501nam a2200181Ia 4500 | ||
|---|---|---|---|
| 005 | 20250326141919.0 | ||
| 008 | 250326s9999 xx 000 0 und d | ||
| 037 | _aTextbook | ||
| 040 |
_aFMSL _beng _cFMSL |
||
| 041 |
_aeng _2eng |
||
| 084 | _qFMSL | ||
| 100 |
_aRadhika Prkash _9745273 |
||
| 245 | 0 |
_aManagement theory and practice an Indian Experience _cRadhika Prkash |
|
| 260 |
_aCalcutta _bCalcutta, ITC Mgt. Series _c1989 |
||
| 300 | _a185p | ||
| 942 | _cTB | ||
| 999 |
_c1292578 _d1292578 |
||